| 000 | 00399pab a2200157 454500 | ||
|---|---|---|---|
| 008 | 180718b2003 xxu||||| |||| 00| 0 eng d | ||
| 100 | _aDey, Parikshit | ||
| 245 | _aStock market reforms: macro economic perspectives and prospects | ||
| 260 | _c2003 | ||
| 300 | _ap.8-17. | ||
| 362 | _aMar | ||
| 650 | _aFinancial markets | ||
| 700 | _aSingh, J.P. | ||
| 773 | _aBusiness Review | ||
| 909 | _a56466 | ||
| 999 |
_c56466 _d56466 |
||